000 00493nam a2200193Ia 4500
005 20250326142045.0
008 250326s9999 xx 000 0 und d
037 _aTextbook
040 _aFMSL
_beng
_cFMSL
041 _aeng
_2eng
084 _aX:8D M6
_qFMSL
100 _aWeston J F
245 0 _aManagerial fice
_cWeston J F; Copeland T E
250 _a8
260 _aNY
_bNY, Dryden
_c1986
300 _axviii,1055
942 _cTB
_hX:8D M6
999 _c1293239
_d1293239